|
|
|
|
| LEADER |
02917nam a22004935i 4500 |
| 001 |
978-1-4614-0131-5 |
| 003 |
DE-He213 |
| 005 |
20151204175047.0 |
| 007 |
cr nn 008mamaa |
| 008 |
111130s2012 xxu| s |||| 0|eng d |
| 020 |
|
|
|a 9781461401315
|9 978-1-4614-0131-5
|
| 024 |
7 |
|
|a 10.1007/978-1-4614-0131-5
|2 doi
|
| 040 |
|
|
|d GrThAP
|
| 050 |
|
4 |
|a TK7888.4
|
| 072 |
|
7 |
|a TJFC
|2 bicssc
|
| 072 |
|
7 |
|a TEC008010
|2 bisacsh
|
| 082 |
0 |
4 |
|a 621.3815
|2 23
|
| 100 |
1 |
|
|a Nigussie, Ethiopia Enideg.
|e author.
|
| 245 |
1 |
0 |
|a Variation Tolerant On-Chip Interconnects
|h [electronic resource] /
|c by Ethiopia Enideg Nigussie.
|
| 264 |
|
1 |
|a New York, NY :
|b Springer New York,
|c 2012.
|
| 300 |
|
|
|a XII, 172 p.
|b online resource.
|
| 336 |
|
|
|a text
|b txt
|2 rdacontent
|
| 337 |
|
|
|a computer
|b c
|2 rdamedia
|
| 338 |
|
|
|a online resource
|b cr
|2 rdacarrier
|
| 347 |
|
|
|a text file
|b PDF
|2 rda
|
| 490 |
1 |
|
|a Analog Circuits and Signal Processing
|
| 505 |
0 |
|
|a Introduction -- On-Chip Communication -- Interconnect Design Techniques -- Design of Delay-Insensitive Current Sensing Interconnects -- Enhancing Completion Detection Performance -- Energy Efficient Semi-Serial Interconnect -- Comparison of the Designed Interconnects -- Circuit Techniques for PVT Variation Tolerance.
|
| 520 |
|
|
|a This book presents design techniques, analysis and implementation of high performance and power efficient, variation tolerant on-chip interconnects. Given the design paradigm shift to multi-core, interconnect-centric designs and the increase in sources of variability and their impact in sub-100nm technologies, this book will be an invaluable reference for anyone concerned with the design of next generation, high-performance electronics systems. Provides comprehensive, circuit-level explanation of high-performance, energy-efficient, variation-tolerant on-chip interconnect; Describes design techniques to mitigate problems caused by variation; Includes techniques for design and implementation of self-timed on-chip interconnect, delay variation insensitive communication protocols, high speed signaling techniques and circuits, bit-width independent completion detection and process, voltage and temperature variation tolerance. .
|
| 650 |
|
0 |
|a Engineering.
|
| 650 |
|
0 |
|a Nanotechnology.
|
| 650 |
|
0 |
|a Electronics.
|
| 650 |
|
0 |
|a Microelectronics.
|
| 650 |
|
0 |
|a Electronic circuits.
|
| 650 |
1 |
4 |
|a Engineering.
|
| 650 |
2 |
4 |
|a Circuits and Systems.
|
| 650 |
2 |
4 |
|a Electronics and Microelectronics, Instrumentation.
|
| 650 |
2 |
4 |
|a Nanotechnology and Microengineering.
|
| 710 |
2 |
|
|a SpringerLink (Online service)
|
| 773 |
0 |
|
|t Springer eBooks
|
| 776 |
0 |
8 |
|i Printed edition:
|z 9781461401308
|
| 830 |
|
0 |
|a Analog Circuits and Signal Processing
|
| 856 |
4 |
0 |
|u http://dx.doi.org/10.1007/978-1-4614-0131-5
|z Full Text via HEAL-Link
|
| 912 |
|
|
|a ZDB-2-ENG
|
| 950 |
|
|
|a Engineering (Springer-11647)
|